00870nam a2200229 a 450000100100000000500170001000800410002702000180006804000250008608200260011110000240013724500750016125000110023626000520024730000290029950000630032859000260039170000450041791000370046295201240049999900170062300004812520201002060933.0181119s2017 xxuac 000 f spa d a9781976112263 aDO-SdBNPbspacBNPHU aRD863.44bC957t, 20171 aCruz, Eramis92848810aTras la paz perdida /cEramis Cruz ; prólogo Mercedes Aracena Disla. a2a ed. aEstados Unidos de América :bColumbia,c2017. a174 p. :bil., ;c22 cm. aIncluye datos biográficos del autor en la contracubierta aInventariado, 2018/LP1 aAracena Disla, Mercedes,epról.924316 aValidado. Control de calidad MFF 001050718MOaPDbPDcHDd2018-11-19iLF1l0oRD863.44 C957t, 2017p48125-10r2020-06-25w2020-06-25y1ZNo se presta c47613d47613